El árbol de los pájaros = (Registro nro. 7390)

Detalles MARC
000 -LIDER
fixed length control field 00731nam a2200217 a 4500
001 - NÚMERO DE CONTROL
Identificador de número de control 000044473
003 - IDENTIFICACDOR DE NÚMERO DE CONTROL
control field DO-SdBNP
005 - DATE AND TIME OF LATEST TRANSACTION
control field 20180402125325.0
007 - CAMPOS FIJOS DE DESCRIPCIÓN FÍSICA
fixed length control field 000044473
008 - ELEMENTOS DE LONGITUD FIJA
fixed length control field 140702s2002 dr af 000 0 spa d
040 ## - FUENTE DE CATALOGACIÓN
Agencia que crea de manera original el registro BPMET
Idioma de catalogación spa
Agencia que realiza la transcripción BPMET
100 1# - ASIENTO PRINCIPAL -- NOMBRE PERSONAL
Nombre personal Bidó, Cándido
245 13 - MENCIÓN DE TITULO
Título El árbol de los pájaros =
Subtítulo L’ arbre aux oiseaux tree of birds /
Mención de responsabilidad Cándido Bído, Marlenne de Tolentino; traducciones Martha Thayer...[et.al].
260 ## - PUBLICACIÓN, DISTRIBUCIÓN, ETC. (PIE DE IMPRENTA)
Lugar de publicación, distribución, etc Santo Domingo :,
Fecha de publicación, distribución, etc Centro Cultural Cariforo,
-- 2002.
300 ## - DESCRIPCIÓN FÍSICA
Extensión 32 p. :
Otros detalles físicos il. ;
Dimensiones 25 cm.
700 12 - ASIENTO SECUNDARIO -- NOMBRE PERSONAL
Nombre personal Tolentino, Marlenne
700 12 - ASIENTO SECUNDARIO -- NOMBRE PERSONAL
Nombre personal Thayer, Martha
Mención de responsabilidad tr.
942 ## - ADDED ENTRY ELEMENTS (KOHA)
Source of classification or shelving scheme Dewey Decimal Classification
Koha item type Libros
945 ## - INFORMACIÓN DE PROCESAMIENTO LOCAL
Información de procesamiento local Remanejado para la BNPHU / 2018 VM
956 ## - LOCAL ELECTRONIC LOCATION AND ACCESS (OCLC)
Nombre de host VMATEO
Número de acceso 10
Información de compresión 20140703
Inicio de sesión BPMSU
Procesador de solicitud 0069
Existencias
Withdrawn status Lost status Source of classification or shelving scheme Damaged status Not for loan Collection code Home library Current library Date acquired Total Checkouts Barcode Date last seen Copy number Price effective from Koha item type
    Dewey Decimal Classification     Colección Dominicana Biblioteca Pública Metropolitana Salomé Ureña Biblioteca Pública Metropolitana Salomé Ureña 02/13/2015   BPMSU15041198 02/13/2015 02/13/2015 Libros